ENVIRONMENTAL STUDIES (Record no. 44098)
[ view plain ]
| 000 -LEADER | |
|---|---|
| fixed length control field | nam a22 7a 4500 |
| 003 - CONTROL NUMBER IDENTIFIER | |
| control field | OSt |
| 005 - DATE AND TIME OF LATEST TRANSACTION | |
| control field | 20180502145344.0 |
| 008 - FIXED-LENGTH DATA ELEMENTS--GENERAL INFORMATION | |
| fixed length control field | 180502b xxu||||| |||| 00| 0 eng d |
| 040 ## - CATALOGING SOURCE | |
| Transcribing agency | IIMT UNIVERSITY MEERUT |
| 050 ## - LIBRARY OF CONGRESS CALL NUMBER | |
| Classification number | 367.163JOS |
| Item number | 286 |
| 082 ## - DEWEY DECIMAL CLASSIFICATION NUMBER | |
| Edition number | 2ND |
| Classification number | 367.163JOS |
| Item number | 286 |
| 100 ## - MAIN ENTRY--PERSONAL NAME | |
| Personal name | JOSEPH.B |
| 245 ## - TITLE STATEMENT | |
| Title | ENVIRONMENTAL STUDIES |
| Statement of responsibility, etc. | AUTHOR |
| Medium | ENGLISH |
| 250 ## - EDITION STATEMENT | |
| Edition statement | 2ND |
| 260 ## - PUBLICATION, DISTRIBUTION, ETC. | |
| Place of publication, distribution, etc. | DELHI |
| Name of publisher, distributor, etc. | TMH |
| Date of publication, distribution, etc. | 2009 |
| 300 ## - PHYSICAL DESCRIPTION | |
| Other physical details | 2ND ED.347PP. |
| Accompanying material | PAPERBACK |
| 760 ## - MAIN SERIES ENTRY | |
| Edition | 2ND ED. |
| 856 ## - ELECTRONIC LOCATION AND ACCESS | |
| Materials specified | PAPERBACK |
| 942 ## - ADDED ENTRY ELEMENTS (KOHA) | |
| Source of classification or shelving scheme | |
| Koha item type | Text-Book- for 7 days |
| Edition | 9TH |
| Classification part | TITLE |
| Item part | BOOK |
| Call number prefix | 371.63OJOS |
| Call number suffix | 371.63OJOS |
| Withdrawn status | Lost status | Source of classification or shelving scheme | Materials specified (bound volume or other part) | Damaged status | Not for loan | Home library | Current library | Date acquired | Source of acquisition | Coded location qualifier | Cost, normal purchase price | Inventory number | Total Checkouts | Full call number | Barcode | Date last seen | Uniform Resource Identifier | Cost, replacement price | Price effective from | Koha item type | Public note |
|---|---|---|---|---|---|---|---|---|---|---|---|---|---|---|---|---|---|---|---|---|---|
| PAPER BACK | IIMT College of Architecture | IIMT College of Architecture | 05/02/2018 | TRANSFER UNIVERSITY LIBRARY | ARCHITECTU | 222.00 | TRANSFER UNIVERSITY LIBRARY | 367.163JOS 286 | 24-B-286 | 05/02/2018 | ARCHITECTURE | 222.00 | 04/30/2018 | Text-Book- for 7 days | ENVIRONMENT |

